000 00503nam a2200181Ia 4500
008 090123s9999 xx 000 0 und d
082 _b37633
100 _aसाने मेघना
245 _aफोटोसेशन
250 _a1
260 _bअनघा प्रकाशन
_c2004
300 _a96
600 _aसाने मेघना
630 _aफोटोसेशन
700 _aसाने मेघना
730 _aफोटोसेशन
942 _cBOOK
999 _c75700
_d75700